000 00882nas a2200253 4500
001 BR8206069
003 BR-BrBNA
005 20231205085327.0
007 ta
008 230509b bl.|||p| |||| 00| 00por d
040 _aBR-BrBNA
_bpor
_cBiblioteca Nacional de Agricultura
041 _a(Pt)
072 _aK20
100 1 _aHernandez Filho, P.
111 1 _aCongresso Nacional sobre Essencias Nativas
_cCampos de Jordao, SP (Brazil)
_d12 Sep 1982
245 1 _aUtilizacao de imagens orbitais do satelite Landsat para estudo da vegetacao de cerrado [Mato Grosso do Sul, Brasil]
650 _aAEROFOTOGRAMETRIA
650 _aVEGETACAO
650 _aCERRADO
650 _aMATO GROSSO DO SUL
773 0 _tSilvicultura em Sao Paulo (Brazil)
_xISSN 0583-3132
_g(1982), v. 16-A(pt. 3) p. 1731-1734
_wBR8206069
909 _a202311
_bLúcia
_c55
_dLúcia Elande
942 _2AGRIS
_n0
_cANA
999 _c110739
_d110739